A House In Nebraska - Ethel Cain - Statistics

General Stats
  • This quiz has been taken 187 times
  • The average score is 347 of 400
Answer Stats
Answer % Correct
a
100%
and
99%
And
99%
I
99%
in
99%
to
99%
house
98%
Nebraska
98%
that
98%
That
98%
the
97%
You
97%
you
97%
it
96%
on
96%
(So
96%
so
96%
home
95%
me
95%
Where
95%
(Where
95%
be
94%
call
94%
floor
94%
my
94%
still
94%
still)
94%
We
94%
we
94%
dirt
93%
dirty
93%
mattress
93%
second
93%
When
93%
when
93%
but
92%
But
92%
day
92%
each
92%
hurt
92%
I'm
92%
one
92%
other
92%
were
92%
your
92%
Your
92%
come
91%
found
91%
left
91%
was
91%
her
90%
I'd
90%
world
90%
all
89%
came
89%
cried
89%
cry
89%
fine
89%
reason
89%
worse
89%
if
88%
kill
88%
long
88%
doing
87%
know
87%
lie
87%
more
87%
myself
87%
really
87%
time
87%
won't
87%
girl
86%
hurts
86%
man
86%
miss
86%
say
86%
sing
86%
told
86%
against
85%
die
85%
hold
85%
whole
85%
had
84%
it's
84%
laughed
84%
our
84%
empty
83%
see
83%
bed
82%
died
82%
except
82%
of
82%
yours
82%
gone
81%
nothing
81%
tonight
81%
well
81%
sores
80%
song
79%
calls
78%
every
78%
silence
78%
sometimes
78%
Then
78%
up
78%
used
78%
favorite
77%
save
76%
breaths
75%
Labored
75%
mama
75%
only
75%
sound
75%
tell
75%
aching
74%
at
74%
bottles
74%
love
74%
make
74%
pray
74%
never
73%
back
72%
met
72%
scared
72%
may
70%
night
70%
night)
70%
beautiful
69%
guess
69%
edge
68%
God
68%
town
68%
wait
68%
Cause
67%
feel
67%
there
67%
alone
66%
are
66%
ourselves
66%
school
66%
These
66%
out
65%
paved
65%
photographs
65%
roads
65%
ones
64%
thought
63%
you're
63%
around
62%
here
60%
Praying
59%
straight
59%
just
58%
might
58%
alright
57%
even
57%
hope
56%
sleep
55%
without
55%
you'll
54%
maybe
53%
baby
42%
need
40%
needed
33%
No matching quizzes found
Score Distribution
Percent of People with Each Score
Percentile by Number Answered
Your Score History
You have not taken this quiz